00429nam a2200133 a 450000100100000000500170001000800410002704000250006808200140009310000280010724500530013526000780018830000290026600003190520200930063254.0110707s1958 dr a r 000 0 spa d aDO-SdBNPbspacBNPHU axxxxbI371 aInchaustegui, J. Marino10aImpresiones de viaje. /cJ. Marino Inchaustegui. aSanta Cruz de Tenerife, Islas Canarias :bLitografia A. Romero,c[1958?]. a[28 p.] :bil. ;c22 cm.